=LDR 00000nam 2200000 4500 =001 NUTBA000000000004628 =005 20251210015925 =035 ##$$a 0010-091400000000661 =008 251210###########################0#ind## =020 ##$$a 979-422-131-7 =040 ##$$a NBPDMAT =082 ##$$a 028.5 =084 ##$$a 028.5 Ibn k =100 ##$$a Ibnu nauval =245 1#$$a Kisah Ibrahim kekasih ALLAH /$c Ibnu nauval =250 ##$$a Cet. 2 =260 ##$$a Surabaya :$b Bina Ilmu,$c 2008 =300 ##$$a 48 hlm. : $b ilus. ; $c 25 cm. =650 #4$$a Bacaan kanak-kanak =990 ##$$a 21407972 =990 ##$$a 21407973 =990 ##$$a 21407974 =990 ##$$a 21407975 =990 ##$$a 0001/BPAP-NTB/20142014